Suomi-sarjan joukkueet: logovisa - Statistics

Yleistilastot
  • Tätä visaa on pelattu 58 kertaa
    16 viimeisimmän päivityksen jälkeen
  • Keskiarvotulos 9 / 14
Vastaustilastot
Kuvavisa Hint Vastaus % Oikein
Oulu Laser HT
80%
Lempäälä Lempäälän Kisa
80%
Raahe Raahe-Kiekko
80%
Järvenpää Haukat
73%
Savonlinna Savonlinnan Pallokerho
73%
Seinäjoki S-Kiekko
73%
Forssa Forssan Palloseura
67%
Kalajoki JHT Kalajoki
67%
Porvoo Porvoo Hunters
60%
Kotka Kotkan Titaanit
53%
Lapua Lapuan Virkiä
47%
Lappeenranta PEPO Hockey
47%
Uusikaarlepyy Muik Hockey
40%
Jyväskylä Liikunnan Riemu
33%
Ehtoja vastaavia visoja ei löytynyt
Tulosjakauma
Jokaisen tuloksen saaneiden osuus
Persentiili vastausten määrän mukaan
Tuloshistoriasi
Et ole pelannut tätä visaa sen viimeisimmän päivityksen jälkeen